|
|
|
|
| LEADER |
03215njm a2200697 a 4500 |
| 001 |
000813133 |
| 003 |
CZ BrMZK |
| 005 |
20170330154431.0 |
| 007 |
sd fsngnnmmned |
| 008 |
060403s2006 xr df g cze d |
| 028 |
0 |
0 |
|a LK 0381-2
|b Levné knihy KMa
|
| 040 |
|
|
|a BOA001
|b cze
|
| 048 |
|
|
|a oe
|b vu
|
| 072 |
|
7 |
|a 784
|x Vokální hudba
|2 Konspekt
|9 9
|
| 080 |
|
|
|a 784.4
|2 MRF
|
| 080 |
|
|
|a 78.085
|2 MRF
|
| 080 |
|
|
|a (086.76)
|2 MRF
|
| 245 |
0 |
0 |
|a Písničky na přání
|h [zvukový záznam]
|
| 260 |
|
|
|a Praha :
|b Levné knihy KMa,
|c p2006
|
| 300 |
|
|
|a 1 zvuková deska (60:24) :
|b digital ;
|c 12 cm +
|e 1 leták (12 x 12 cm)
|
| 306 |
|
|
|a 010024
|
| 500 |
|
|
|a Kompaktní deska
|
| 505 |
0 |
0 |
|t Karlíčku můj --
|t Pohádka o konvalinkách --
|t Bezovka --
|t Tvé vlasy kvetou --
|t Díky vám, maměnko --
|t Až ztichnou bílé skály --
|t Sukýnka --
|t Jana --
|t Srdíčko --
|t Loučím se s vámi, kamarádi --
|t Mamince --
|t Cestář --
|t Za tú horú --
|t <<La >> Pastorela --
|t Má země česká --
|t Láska má tak silnou vůli --
|t Svatební --
|t Vánoční čas --
|t Psaníčko po letech --
|t Rekrútská směs
|
| 511 |
0 |
|
|a Zpívají: M. Hanzelková, J. Janošková, J. Osičková ... [et al.] Studiový orchestr Jana Slabáka
|
| 518 |
|
|
|a Nahrálo Tonstudio Jaromír Rajchman Dolní Bojanovice
|
| 650 |
0 |
4 |
|a polky (zpěv, taneční orchestr)
|
| 650 |
0 |
4 |
|a valčíky (zpěv, taneční orchestr)
|
| 650 |
0 |
7 |
|a písně, úpravy
|7 ph315253
|2 czenas
|
| 655 |
|
7 |
|a kompaktní desky
|7 fd201991
|2 czenas
|
| 700 |
1 |
|
|a Poncar, Josef,
|d 1902-1986
|7 jn20000620287
|4 cmp
|
| 700 |
1 |
|
|a Zeman, Vašek,
|d 1909-1987
|7 jx20040920001
|4 lyr
|
| 700 |
1 |
|
|a Dvorský, R. A.,
|d 1899-1966
|7 jk01030020
|4 cmp
|
| 700 |
1 |
|
|a Pixa, Jan,
|d 1920-2004
|7 jk01093307
|4 lyr
|
| 700 |
1 |
|
|a Čebiš, Josef
|7 mzk2011661208
|4 cmp
|
| 700 |
1 |
|
|a Kaňka, František
|7 mzk2014817472
|4 lyr
|
| 700 |
1 |
|
|a Valdauf, Karel,
|d 1913-1982
|7 jk01141199
|4 cmp
|
| 700 |
1 |
|
|a Nádvorník, Bohuslav,
|d 1920-1994
|7 jk01082630
|4 lyr
|
| 700 |
1 |
|
|a Baginský, Milan,
|d 1938-
|7 xx0016530
|4 cmp
|
| 700 |
1 |
|
|a Pavlík, Jindřich,
|c skladatel
|4 cmp
|
| 700 |
1 |
|
|a Rolló, Karel
|4 lyr
|
| 700 |
1 |
|
|a Korda, Franta
|7 mzk2014820671
|4 cmp
|4 lyr
|
| 700 |
1 |
|
|a Korda, Jenda,
|d 1904-1986
|7 jx20090701002
|4 cmp
|4 lyr
|
| 700 |
1 |
|
|a Bláha, Václav,
|d 1901-1959
|7 jo20010086360
|4 cmp
|4 lyr
|
| 700 |
1 |
2 |
|a Kůda, František
|7 mzk2015878648
|4 cmp
|
| 700 |
1 |
|
|a Skoblík, Tomáš
|7 mzk2010604608
|4 lyr
|
| 700 |
1 |
|
|a Vacek, Karel,
|d 1902-1982
|7 jk01140977
|4 cmp
|4 lyr
|
| 700 |
1 |
|
|a Kolečková, Věra
|4 lyr
|
| 700 |
1 |
|
|a Lepič, Bohumil,
|d 1943-1994
|7 mzk2005300591
|4 lyr
|
| 700 |
1 |
|
|a Krpejšová, Hilda,
|d 1934-1999
|7 mzk2005286482
|4 lyr
|
| 700 |
1 |
|
|a Čepelka, Miloň,
|d 1936-
|7 jk01021264
|4 lyr
|
| 700 |
1 |
|
|a Slabák, Jan,
|d 1941-
|7 jn20000710536
|4 cmp
|
| 700 |
1 |
|
|a Slabáková, Ivana,
|d 1950-
|7 mzk2005299311
|4 lyr
|
| 700 |
1 |
|
|a Vejvoda, Jaromír,
|d 1902-1988
|7 jn19990209983
|4 cmp
|
| 710 |
2 |
2 |
|a Studiový orchestr Jana Slabáka
|7 mzk2010593910
|
| 740 |
0 |
2 |
|a Breclavská kasárňa
|
| 740 |
0 |
2 |
|a Chodila Maryša
|
| 740 |
0 |
2 |
|a Javorina
|
| 910 |
|
|
|a BOA001
|b CD-0013.031
|
| 990 |
|
|
|a AV
|
| 991 |
|
|
|b 200604
|
| 996 |
6 |
|
|b 261H014333
|c CD-0013.031
|l MZK
|r Sklad / do 24 hodin
|n 0
|w 000813133
|u 000010
|a 1
|e BOA001
|j MZK50
|s P
|